Modern Operating Systems/ (Record no. 207172)

MARC details
000 -LEADER
fixed length control field 00962nam a22002177a 4500
005 - DATE AND TIME OF LATEST TRANSACTION
control field 20241128153915.0
010 ## - LCCN (DPL NO)
LC control number ENG-142679
020 ## - INTERNATIONAL STANDARD BOOK NUMBER
Terms of availability 965.00
International Standard Book Number 9789361595134
035 ## - SYSTEM CONTROL NUMBER
System control number EN-126211
037 ## - SOURCE OF ACQUISITION
Source of stock number/acquisition DBAD
082 ## - DEWEY DECIMAL CLASSIFICATION NUMBER
Classification number 005.43
Edition number 5
100 ## - MAIN ENTRY--PERSONAL NAME
Personal name Tanenbaum, Andrew S.
245 ## - TITLE STATEMENT
Title Modern Operating Systems/
Statement of responsibility, etc By Andrew S. Tanenbaum [and] Herbert Bos
250 ## - EDITION STATEMENT
Edition statement 5
260 ## - PUBLICATION, DISTRIBUTION, ETC. (IMPRINT)
Place of publication, distribution, etc Uttar Pradesh
Name of publisher, distributor, etc Pearson India Education Pvt Ltd
Date of publication, distribution, etc 2025
270 ## - ADDRESS
City Uttar Pradesh
Address 1st FLoor, Berger Tower, Plot No. C-001A/2, Sector-16B, Noida
Postal code 201301
300 ## - PHYSICAL DESCRIPTION
Extent xxviii,1156p.
Dimensions 23cm(pb)
Other physical details Index
500 ## - GENERAL NOTE
General note With New Chapter on Window 11 | Computer security includes digital pests - Virus, Malware etc |...<br/>Modern Operating Systems | With New Chapter on Window 11 | Computer security includes digital pests - Virus, Malware etc | Linux and Android Case Study
700 ## - ADDED ENTRY--PERSONAL NAME
Personal name Bos, Herbert
Relator term Author
9 (RLIN) 74294
942 ## - ADDED ENTRY ELEMENTS (KOHA)
Source of classification or shelving scheme Dewey Decimal Classification
Item type English Books
Classification part 005.43
Call number suffix TAN
Edition 5
Holdings
Withdrawn status Lost status Not for loan Collection code Home library Current library Date acquired Source of acquisition Cost, normal purchase price Full call number Barcode Copy number Cost, replacement price Koha item type
      Non-fiction Kadipur Kadipur 28/11/2024 Delivery of Books Act Division 965.00 005.43 TAN EN-126211 1 965.00 English Books

© Delhi Public Library
Hit Counter
free hit counter